000 00533nam a22001571cc4500
001 a75022+2
035 _aa75022
008 170707s1973 gw |||| 000u ger d
245 0 0 _aStudien zur Sozialgeschichte und Philosophie der Bildung
_nII
_pAspekte des 19. Jahrhunderts in Deutschland
264 _aMünchen :
_bList,
_c1973
246 1 2 _aStudien zur Sozialgeschichte und Philosophie der Bildung. Aspekte des 19. Jahrhunderts in Deutschland
_nII
773 0 8 _wa75022
_q2
942 _cMG
040 _cRU-10907106
003 RU-10907106
999 _c26300
_d26300